<?xml version="1.0" encoding="UTF-8"?>
<record
    xmlns:xsi="http://www.w3.org/2001/XMLSchema-instance"
    xsi:schemaLocation="http://www.loc.gov/MARC21/slim http://www.loc.gov/standards/marcxml/schema/MARC21slim.xsd"
    xmlns="http://www.loc.gov/MARC21/slim">

  <leader>00607nam a22001577a 4500</leader>
  <controlfield tag="003">OSt</controlfield>
  <controlfield tag="005">20150927143716.0</controlfield>
  <controlfield tag="008">150927b        xxu||||| |||| 00| 0 eng d</controlfield>
  <datafield tag="040" ind1=" " ind2=" ">
    <subfield code="c">RUA</subfield>
  </datafield>
  <datafield tag="082" ind1=" " ind2=" ">
    <subfield code="a">AGR BON 2011 B050 Or.1</subfield>
  </datafield>
  <datafield tag="100" ind1=" " ind2=" ">
    <subfield code="9">1418</subfield>
    <subfield code="a">BON, BEUNY</subfield>
  </datafield>
  <datafield tag="245" ind1=" " ind2=" ">
    <subfield code="a">Genotypie performance of early maturity rice in two different water conditions &#x1780;&#x17B6;&#x179A;&#x179F;&#x17C6;&#x178A;&#x17C2;&#x1784;&#x1780;&#x1798;&#x17D2;&#x1798;&#x1793;&#x17C3;&#x1796;&#x17BC;&#x1787;&#x179F;&#x17D2;&#x179A;&#x17BC;&#x179C;&#x179F;&#x17D2;&#x179A;&#x17B6;&#x179B;&#x1780;&#x17D2;&#x1793;&#x17BB;&#x1784;&#x179B;&#x1780;&#x17D2;&#x1781;&#x1781;&#x178E;&#x17D2;&#x178C;&#x1791;&#x17B9;&#x1780;&#x1796;&#x17B8;&#x179A;&#x17C0;&#x1795;&#x17D2;&#x179F;&#x17C1;&#x1784;&#x1782;&#x17D2;&#x1793;&#x17B6;</subfield>
  </datafield>
  <datafield tag="260" ind1=" " ind2=" ">
    <subfield code="a">Phnom Penh</subfield>
    <subfield code="b">RUA</subfield>
    <subfield code="c">2011</subfield>
  </datafield>
  <datafield tag="300" ind1=" " ind2=" ">
    <subfield code="a">x, 55p.</subfield>
    <subfield code="b">ill.</subfield>
    <subfield code="c">29cm.</subfield>
  </datafield>
  <datafield tag="942" ind1=" " ind2=" ">
    <subfield code="2">ddc</subfield>
    <subfield code="c">AGR</subfield>
  </datafield>
  <datafield tag="999" ind1=" " ind2=" ">
    <subfield code="c">1333</subfield>
    <subfield code="d">1333</subfield>
  </datafield>
  <datafield tag="952" ind1=" " ind2=" ">
    <subfield code="0">0</subfield>
    <subfield code="1">0</subfield>
    <subfield code="2">ddc</subfield>
    <subfield code="4">0</subfield>
    <subfield code="6">AGR_BON_2011_000000000000000_B050_OR_1</subfield>
    <subfield code="7">0</subfield>
    <subfield code="9">5803</subfield>
    <subfield code="a">LBB</subfield>
    <subfield code="b">LBB</subfield>
    <subfield code="c">B050</subfield>
    <subfield code="d">2015-09-27</subfield>
    <subfield code="l">1</subfield>
    <subfield code="o">AGR BON 2011 B050 Or.1</subfield>
    <subfield code="p">RUA000227</subfield>
    <subfield code="r">2017-01-02</subfield>
    <subfield code="s">2016-12-07</subfield>
    <subfield code="w">2015-09-27</subfield>
    <subfield code="y">AGR</subfield>
  </datafield>
  <datafield tag="952" ind1=" " ind2=" ">
    <subfield code="0">0</subfield>
    <subfield code="1">0</subfield>
    <subfield code="2">ddc</subfield>
    <subfield code="4">0</subfield>
    <subfield code="6">AGR_BON_2011_000000000000000_B050_OR_2</subfield>
    <subfield code="7">0</subfield>
    <subfield code="9">5804</subfield>
    <subfield code="a">LBB</subfield>
    <subfield code="b">LBB</subfield>
    <subfield code="c">B050</subfield>
    <subfield code="d">2015-09-27</subfield>
    <subfield code="l">1</subfield>
    <subfield code="o">AGR BON 2011 B050 Or.2</subfield>
    <subfield code="p">RUA000736</subfield>
    <subfield code="r">2016-01-29</subfield>
    <subfield code="s">2016-01-23</subfield>
    <subfield code="w">2015-09-27</subfield>
    <subfield code="y">AGR</subfield>
  </datafield>
  <datafield tag="952" ind1=" " ind2=" ">
    <subfield code="0">0</subfield>
    <subfield code="1">0</subfield>
    <subfield code="2">ddc</subfield>
    <subfield code="4">0</subfield>
    <subfield code="6">AGR_BON_2011_000000000000000_B050_OR_3</subfield>
    <subfield code="7">0</subfield>
    <subfield code="9">5805</subfield>
    <subfield code="a">LBB</subfield>
    <subfield code="b">LBB</subfield>
    <subfield code="c">B050</subfield>
    <subfield code="d">2015-09-27</subfield>
    <subfield code="l">1</subfield>
    <subfield code="o">AGR BON 2011 B050 Or.3</subfield>
    <subfield code="p">RUA008370</subfield>
    <subfield code="r">2016-10-25</subfield>
    <subfield code="s">2016-10-19</subfield>
    <subfield code="w">2015-09-27</subfield>
    <subfield code="y">AGR</subfield>
  </datafield>
  <datafield tag="952" ind1=" " ind2=" ">
    <subfield code="0">0</subfield>
    <subfield code="1">0</subfield>
    <subfield code="2">ddc</subfield>
    <subfield code="4">0</subfield>
    <subfield code="6">AGR_BON_2011_000000000000000_B050_OR_4</subfield>
    <subfield code="7">0</subfield>
    <subfield code="9">5806</subfield>
    <subfield code="a">LBB</subfield>
    <subfield code="b">LBB</subfield>
    <subfield code="c">B050</subfield>
    <subfield code="d">2015-09-27</subfield>
    <subfield code="l">1</subfield>
    <subfield code="o">AGR BON 2011 B050 Or.4</subfield>
    <subfield code="p">RUA006474</subfield>
    <subfield code="r">2017-11-01</subfield>
    <subfield code="s">2017-10-17</subfield>
    <subfield code="w">2015-09-27</subfield>
    <subfield code="y">AGR</subfield>
  </datafield>
  <datafield tag="952" ind1=" " ind2=" ">
    <subfield code="0">0</subfield>
    <subfield code="1">0</subfield>
    <subfield code="2">ddc</subfield>
    <subfield code="4">0</subfield>
    <subfield code="6">AGR_BON_2011_000000000000000_B050_OR_5</subfield>
    <subfield code="7">0</subfield>
    <subfield code="9">5807</subfield>
    <subfield code="a">LBB</subfield>
    <subfield code="b">LBB</subfield>
    <subfield code="c">B050</subfield>
    <subfield code="d">2015-09-27</subfield>
    <subfield code="o">AGR BON 2011 B050 Or.5</subfield>
    <subfield code="p">RUA006199</subfield>
    <subfield code="r">2015-09-27</subfield>
    <subfield code="w">2015-09-27</subfield>
    <subfield code="y">AGR</subfield>
  </datafield>
</record>
